|
|
|
|
| LEADER |
00000nam0a2200000 4500 |
| 001 |
163873 |
| 005 |
20231101222429.0 |
| 010 |
|
|
|a 9785986290232
|
| 035 |
|
|
|a (RuTPU)RU\TPU\book\177788
|
| 035 |
|
|
|a RU\TPU\book\116342
|
| 090 |
|
|
|a 163873
|
| 100 |
|
|
|a 20061228d2008 m y0rusy50 ca
|
| 101 |
0 |
|
|a rus
|
| 102 |
|
|
|a RU
|
| 105 |
|
|
|a a gj 001zy
|
| 200 |
1 |
|
|a Пожарная безопасность предприятия. Курс пожарно-технического минимума
|e учебно-справочное пособие
|f С. В. Собурь
|g Всемирная академия наук комплексной безопасности ; Университет комплексных систем безопасности и инженерного обеспечения
|
| 205 |
|
|
|a 12-е изд., перераб.
|
| 210 |
|
|
|a Москва
|c ПожКнига
|d 2008
|
| 215 |
|
|
|a 494 с.
|c ил.
|
| 320 |
|
|
|a Библиогр.: с. 479-484.
|
| 330 |
|
|
|a Содержит типовой курс пожарно-технического минимума для руководителей, главных специалистов и ответственных за пожарную безопасность учреждений, организаций и предприятий (далее — организации), независимо от их организационно-правовых форм и форм собственности. Применяется при проведении обучения мерам пожарной безопасности и является справочным пособием при проведении пожарно-профилактической работы по обеспечению пожарной безопасности в организациях. Разработано при помощи электронной библиотеки "Автоматизированная информационно-справочная система нормативных документов по пожарной безоНормативные документы приведены по состоянию на 01.12.2005 года. Для руководителей организаций всех форм собственности, инженерно-технических работников отделов охраны труда организаций, специалистов пожарной охраны, слушателей учебных заведений.
|
| 606 |
1 |
|
|a Пожарная безопасность
|2 stltpush
|3 (RuTPU)RU\TPU\subj\67627
|9 87874
|
| 610 |
1 |
|
|a пожарная профилактика
|
| 610 |
1 |
|
|a законодательство
|
| 610 |
1 |
|
|a пожарная опасность
|
| 610 |
1 |
|
|a пожары
|
| 610 |
1 |
|
|a классификация
|
| 610 |
1 |
|
|a здания
|
| 610 |
1 |
|
|a сооружения
|
| 610 |
1 |
|
|a огнестойкость
|
| 610 |
1 |
|
|a строительные материалы
|
| 610 |
1 |
|
|a конструкции строительные
|
| 610 |
1 |
|
|a системы вентиляции
|
| 610 |
1 |
|
|a газоснабжение
|
| 610 |
1 |
|
|a противопожарные требования
|
| 610 |
1 |
|
|a электроустановки
|
| 610 |
1 |
|
|a молниезащита
|
| 610 |
1 |
|
|a статическое электричество
|
| 610 |
1 |
|
|a пожароопасные работы
|
| 610 |
1 |
|
|a противопылевые мероприятия
|
| 610 |
1 |
|
|a строительно-монтажные работы
|
| 610 |
1 |
|
|a средства тушения
|
| 610 |
1 |
|
|a пожарная сигнализация
|
| 610 |
1 |
|
|a системы пожаротушения
|
| 610 |
1 |
|
|a технический минимум
|
| 610 |
1 |
|
|a учебно-справочные пособия
|
| 675 |
|
|
|a 614.842.8(075)(035)
|v 3
|
| 700 |
|
1 |
|a Собурь
|b С. В.
|g Сергей Викторович
|
| 712 |
0 |
2 |
|a Всемирная академия наук комплексной безопасности
|2 stltpush
|3 (RuTPU)RU\TPU\col\13395
|
| 712 |
0 |
2 |
|a Университет комплексных систем безопасности и инженерного обеспечения
|2 stltpush
|3 (RuTPU)RU\TPU\col\13396
|
| 801 |
|
1 |
|a RU
|b 63413507
|c 20090824
|
| 801 |
|
2 |
|a RU
|b 63413507
|c 20150529
|g RCR
|
| 900 |
|
|
|a Безопасность жизнедеятельности
|
| 900 |
|
|
|a Безопасность спасательных работ
|
| 900 |
|
|
|a Пожаровзрывозащита
|
| 942 |
|
|
|c BK
|
| 959 |
|
|
|a 86/20090824
|d 5
|e 0
|f АНЛ:1
|f ЧЗТЛ:1
|f УФ:3
|